[Event "SportAccord World Mind Games (Women, Blitz)"]
[Site "Beijing CHN"]
[Date "2013.12.15"]
[EventDate "2013.12.14"]
[Round "16.7"]
[Result "0-1"]
[White "Koneru Humpy"]
[Black "Tatiana Kosintseva"]
[WhiteElo "2607"]
[BlackElo "2496"]
[PlyCount "74"]

1. d4 Nf6 2. Nc3 d5 3. Bg5 Nbd7 4. Qd2 h6 5. Bh4 g6 6. O-O-O
Bg7 7. f3 O-O 8. e4 c6 9. Kb1 b5 10. Bd3 b4 11. Nce2 a5 12. e5
Ne8 13. e6 fxe6 14. Bxg6 Nd6 15. Bd3 e5 16. dxe5 Nxe5 17. Nd4
c5 18. Nb5 c4 19. Nxd6 Qxd6 20. Bf1 Be6 21. Bg3 b3 22. f4
bxc2+ 23. Kxc2 Bf5+ 24. Kc1 Nd3+ 25. Bxd3 cxd3 26. Nf3 Rfc8+
27. Kb1 Rc2 28. Ne5 Rxd2 29. Rxd2 Bxe5 30. fxe5 Qb4 31. Rhd1
e6 32. a3 Qb3 33. Bf4 Rb8 34. Ka1 Kh7 35. g4 Be4 36. h4 Rc8
37. g5 Rc2 0-1

[Event "SportAccord World Mind Games (Women, Blitz)"]
[Site "Beijing CHN"]
[Date "2013.12.15"]
[EventDate "2013.12.14"]
[Round "17.3"]
[Result "0-1"]
[White "Tatiana Kosintseva"]
[Black "Yifan Hou"]
[WhiteElo "2496"]
[BlackElo "2629"]
[PlyCount "119"]

1. e4 c5 2. Nf3 g6 3. d4 cxd4 4. Nxd4 Nc6 5. Nc3 Bg7 6. Be3
Nf6 7. Bc4 O-O 8. Bb3 d6 9. f3 Bd7 10. h4 Nxd4 11. Bxd4 b5
12. h5 a5 13. Nd5 e6 14. h6 Bh8 15. Bb6 Qe8 16. Nc7 Qe7
17. Nxa8 Rxa8 18. c3 a4 19. Bc2 Nh5 20. Bd4 e5 21. Be3 Bf6
22. Qd2 Bh4+ 23. Bf2 Bg5 24. Qd5 Rd8 25. g3 Bxh6 26. Rd1 Be8
27. c4 bxc4 28. Qxc4 Qg5 29. Rg1 Rb8 30. b4 axb3 31. Bxb3 Qd8
32. Qc3 Rc8 33. Qb4 Rb8 34. Qxd6 Qa5+ 35. Kf1 Bb5+ 36. Kg2 Rf8
37. Bc5 Be2 38. Rde1 Bb5 39. Rh1 Bg7 40. Qd5 Nf6 41. Qd1 Rd8
42. Bd5 Nxd5 43. exd5 Qxa2+ 44. Kh3 Rxd5 45. Qc1 Bd7+ 46. g4
Rd3 47. Re3 Qd5 48. Rxd3 Qxd3 49. Qe3 Qd5 50. Rc1 h5 51. Kg3
hxg4 52. fxg4 Qe6 53. Qe4 Bh6 54. Rc3 Bf4+ 55. Kf2 Qxg4
56. Qa8+ Kh7 57. Qh1+ Kg7 58. Be7 Qe6 59. Bc5 Qa2+ 60. Kg1 0-1

[Event "SportAccord World Mind Games (Women, Blitz)"]
[Site "Beijing CHN"]
[Date "2013.12.15"]
[EventDate "2013.12.14"]
[Round "19.4"]
[Result "1-0"]
[White "Tatiana Kosintseva"]
[Black "Anna Muzychuk"]
[WhiteElo "2496"]
[BlackElo "2566"]
[PlyCount "69"]

1. e4 d5 2. exd5 Nf6 3. d4 Bg4 4. f3 Bf5 5. Bd3 Bxd3 6. Qxd3
Qxd5 7. Ne2 e6 8. O-O Be7 9. c4 Qd8 10. Nbc3 O-O 11. Be3 Nbd7
12. Rad1 c6 13. b3 Qa5 14. Qc2 Rac8 15. Nf4 e5 16. dxe5 Nxe5
17. Rfe1 Bb4 18. Bd2 Rcd8 19. Nb1 Rfe8 20. Bxb4 Qxb4 21. Nc3
Qc5+ 22. Qf2 Qa5 23. Qc2 Rxd1 24. Rxd1 Ng6 25. Nxg6 hxg6
26. Qd2 Qc5+ 27. Qf2 Qa5 28. Qd2 Kh7 29. Re1 Rd8 30. Qe3 Re8
31. Qd2 Qb6+ 32. Kf1 Rd8 33. Qf2 Qb4 34. Ne4 Nxe4 35. Qh4+ 1-0

[Event "SportAccord World Mind Games (Women, Blitz)"]
[Site "Beijing CHN"]
[Date "2013.12.16"]
[EventDate "2013.12.14"]
[Round "23.6"]
[Result "1-0"]
[White "Tatiana Kosintseva"]
[Black "Pia Cramling"]
[WhiteElo "2496"]
[BlackElo "2525"]
[PlyCount "69"]

1. e4 c5 2. Nf3 a6 3. c3 g6 4. d4 cxd4 5. cxd4 d5 6. e5 Bg4
7. Be2 Nc6 8. h3 Bxf3 9. Bxf3 e6 10. O-O Qb6 11. Be3 Qxb2
12. Nd2 Qb6 13. Rb1 Qc7 14. Nb3 Nge7 15. g4 Nc8 16. Be2 Be7
17. f4 f5 18. exf6 Bxf6 19. Nc5 Nd8 20. Qa4+ Ke7 21. Bf3 Nd6
22. Rfc1 Nc4 23. Nxb7 Rb8 24. Qb4+ Kf7 25. Nd6+ Qxd6 26. Qxd6
Nxd6 27. Rxb8 Nc4 28. Bf2 Re8 29. Be2 Nd2 30. Rc7+ Kg8
31. Bxa6 Ne4 32. Be3 Be7 33. Rxe7 Rxe7 34. Rxd8+ Kg7 35. a4
1-0

[Event "SportAccord World Mind Games (Women, Blitz)"]
[Site "Beijing CHN"]
[Date "2013.12.16"]
[EventDate "2013.12.14"]
[Round "27.8"]
[Result "1-0"]
[White "Tatiana Kosintseva"]
[Black "Zhao Xue"]
[WhiteElo "2496"]
[BlackElo "2568"]
[PlyCount "85"]

1. e4 Nf6 2. e5 Nd5 3. d4 d6 4. Nf3 c6 5. Be2 dxe5 6. Nxe5 Nd7
7. Nf3 N7f6 8. O-O Bg4 9. h3 Bh5 10. Ne5 Bxe2 11. Qxe2 e6
12. c4 Nb6 13. Be3 Be7 14. Nc3 O-O 15. f4 Qc7 16. f5 exf5
17. Rxf5 c5 18. d5 Ne8 19. Qg4 f6 20. Nd3 Qc8 21. b3 Nd6
22. Rff1 f5 23. Qf3 Bf6 24. Rac1 Nd7 25. Nf4 Ne5 26. Qe2 b6
27. Ne6 Re8 28. Bf4 Nef7 29. Qd3 Qd7 30. Rce1 Nd8 31. Bxd6
Qxd6 32. Nb5 Qd7 33. Qxf5 Nxe6 34. dxe6 Qe7 35. Qf4 Red8
36. Nc7 Rd4 37. Nd5 Rxd5 38. cxd5 Rd8 39. Qe4 Qd6 40. e7 Re8
41. Qe6+ Qxe6 42. Rxe6 Rxe7 43. Rfxf6 1-0

[Event "SportAccord World Mind Games (Women, Blitz)"]
[Site "Beijing CHN"]
[Date "2013.12.16"]
[EventDate "2013.12.14"]
[Round "28.1"]
[Result "0-1"]
[White "Kateryna Lahno"]
[Black "Tatiana Kosintseva"]
[WhiteElo "2543"]
[BlackElo "2496"]
[PlyCount "98"]

1. e4 e5 2. Nf3 Nc6 3. Nc3 Nf6 4. Be2 Bc5 5. Nxe5 Nxe5 6. d4
Bxd4 7. Qxd4 d6 8. Bg5 h6 9. Bh4 Be6 10. f4 Nc6 11. Qe3 Ng4
12. Qh3 Ne3 13. Qxe3 Qxh4+ 14. g3 Qd8 15. O-O-O O-O 16. f5 Bd7
17. Nd5 f6 18. Bc4 Kh7 19. Nf4 Ne5 20. Bb3 a5 21. a3 b5
22. Qe2 Qe8 23. Bd5 Rb8 24. b3 a4 25. b4 c5 26. c3 cxb4
27. cxb4 Rc8+ 28. Kb2 Nc4+ 29. Ka2 Qe5 30. Ng6 Qe8 31. Nxf8+
Qxf8 32. Qd3 Be8 33. Rc1 Bf7 34. Bxf7 Qxf7 35. Qd5 Qh5 36. Qd3
Re8 37. Rhe1 Qxh2+ 38. Re2 Qh5 39. Rce1 Qf7 40. Qd5 Qe7 41. g4
Rc8 42. Rc1 Re8 43. Rce1 Rc8 44. Rc1 Nb6 45. Qd2 Qf7+ 46. Kb1
Qb3+ 47. Qb2 Qd3+ 48. Rcc2 Nc4 49. Rd2 Nxd2+ 0-1

[Event "SportAccord World Mind Games (Women, Blitz)"]
[Site "Beijing CHN"]
[Date "2013.12.16"]
[EventDate "2013.12.14"]
[Round "30.2"]
[Result "1-0"]
[White "Tatiana Kosintseva"]
[Black "Nana Dzagnidze"]
[WhiteElo "2496"]
[BlackElo "2557"]
[PlyCount "134"]

1. e4 c5 2. Nf3 d6 3. d4 cxd4 4. Nxd4 Nf6 5. Nc3 a6 6. Bg5
Nbd7 7. Qe2 Qc7 8. f4 e6 9. O-O-O h6 10. Bh4 Be7 11. g4 g5
12. fxg5 Nh7 13. Nf5 exf5 14. exf5 hxg5 15. Nd5 Qd8 16. Bg3
Nhf6 17. Nxf6+ Nxf6 18. Rxd6 Qa5 19. Rxf6 Kf8 20. Bd6 Qd8
21. Qe5 Rh7 22. Bc4 Bxd6 23. Rxd6 Qc7 24. f6 Bxg4 25. Re1 Rh6
26. Qxg5 Rg6 27. Qf4 Rc8 28. Bb3 Be6 29. Qd2 Rxf6 30. Rd3 Bxb3
31. Rxb3 Rc6 32. Kb1 Rd6 33. Qf2 Rcd8 34. a3 Rd1+ 35. Rxd1
Rxd1+ 36. Ka2 Qc4 37. Qg2 Rd7 38. Qf2 Rc7 39. Qd2 b5 40. Qd6+
Kg7 41. Qxa6 Rc5 42. Qd6 Qxc2 43. Rg3+ Kh7 44. Rh3+ Kg7
45. Qg3+ Kf8 46. Rh8+ Ke7 47. Qe3+ Kd6 48. Rd8+ Kc7 49. Qe7+
Kb6 50. Rb8+ Kc6 51. Rc8+ Kb6 52. Qd6+ Rc6 53. Rxc6+ Qxc6
54. Qxc6+ Kxc6 55. Kb3 Kd5 56. Kc3 Ke4 57. Kd2 Kf3 58. b3 f5
59. a4 bxa4 60. bxa4 f4 61. a5 Kg2 62. a6 f3 63. a7 f2
64. a8=Q+ Kg1 65. Qg8+ Kf1 66. Qc4+ Kg2 67. Qg4+ Kf1 1-0

[Event "SportAccord World Mind Games (Women, Basque)"]
[Site "Beijing CHN"]
[Date "2013.12.17"]
[EventDate "2013.12.17"]
[Round "1.1"]
[Result "0-1"]
[White "Tatiana Kosintseva"]
[Black "Zhao Xue"]
[WhiteElo "2496"]
[BlackElo "2568"]
[PlyCount "98"]

1. e4 e5 2. Nf3 Nc6 3. Bb5 Nf6 4. d3 d6 5. O-O g6 6. Re1 Bg7
7. d4 Bd7 8. d5 Nb8 9. Bxd7+ Nbxd7 10. c4 O-O 11. Nc3 Nh5
12. Be3 h6 13. Nd2 Nf4 14. Qc2 f5 15. b4 Nxg2 16. Kxg2 f4
17. Nf1 fxe3 18. Rxe3 Nf6 19. f3 Nh5 20. Qf2 Bf6 21. Kh1 Bg5
22. Rd3 Qd7 23. Ne2 a5 24. b5 Rf7 25. Nfg3 Nxg3+ 26. Nxg3 Rf4
27. a4 Raf8 28. Rf1 R8f7 29. c5 dxc5 30. Qxc5 Be7 31. Qc3 Bd6
32. Qxa5 h5 33. Qe1 Qh3 34. Qf2 h4 35. Ne2 Rxe4 36. fxe4 Qxf1+
37. Qxf1 Rxf1+ 38. Kg2 Ra1 39. Nc3 Ra3 40. Rf3 Bb4 41. Nd1
Rxa4 42. Nf2 Bc5 43. Ng4 Bd6 44. Nf6+ Kh8 45. Kh3 Be7 46. Kxh4
Kg7 47. Kg5 Rxe4 48. b6 cxb6 49. d6 Bd8 0-1

[Event "SportAccord World Mind Games (Women, Basque)"]
[Site "Beijing CHN"]
[Date "2013.12.17"]
[EventDate "2013.12.17"]
[Round "1.2"]
[Result "1/2-1/2"]
[White "Zhao Xue"]
[Black "Tatiana Kosintseva"]
[WhiteElo "2568"]
[BlackElo "2496"]
[PlyCount "108"]

1. c4 Nf6 2. Nf3 e6 3. d4 d5 4. Nc3 Be7 5. Bg5 h6 6. Bh4 O-O
7. e3 b6 8. Be2 Bb7 9. Bxf6 Bxf6 10. cxd5 exd5 11. b4 c5
12. bxc5 bxc5 13. Rb1 Bc6 14. O-O Nd7 15. Bb5 Qc7 16. Qa4 Nb6
17. Qa5 cxd4 18. exd4 Bxb5 19. Rxb5 Rfd8 20. h3 Qc4 21. Rc5
Qd3 22. Qb5 Qxb5 23. Nxb5 Na4 24. Rc6 Rd7 25. Rfc1 Nb6 26. Rc7
a6 27. Rxd7 Nxd7 28. Nd6 Nb6 29. Rc7 Rb8 30. Ra7 Nc4 31. Rxa6
Rb1+ 32. Kh2 Rd1 33. Ra8+ Kh7 34. Nb5 Nd2 35. Nxd2 Rxd2
36. Kg3 Bxd4 37. Nxd4 Rxd4 38. Kf3 Rd2 39. Ke3 Rb2 40. Ra4 f6
41. g4 Kg6 42. Kf3 Rd2 43. h4 h5 44. Ke3 Rb2 45. gxh5+ Kxh5
46. Ra7 Kxh4 47. Rxg7 Rxa2 48. Rg6 f5 49. Rd6 Ra4 50. Rxd5 Kg5
51. Kf3 Rf4+ 52. Kg3 Rg4+ 53. Kf3 Rf4+ 54. Kg3 Rg4+ 1/2-1/2

[Event "SportAccord World Mind Games (Women, Basque)"]
[Site "Beijing CHN"]
[Date "2013.12.17"]
[EventDate "2013.12.17"]
[Round "3.1"]
[Result "0-1"]
[White "Tatiana Kosintseva"]
[Black "Pia Cramling"]
[WhiteElo "2496"]
[BlackElo "2525"]
[PlyCount "94"]

1. e4 c5 2. Nf3 e6 3. d4 cxd4 4. Nxd4 a6 5. Bd3 Qb6 6. Nb3 Qc7
7. Qe2 d6 8. O-O Nf6 9. f4 Nc6 10. c4 b6 11. Nc3 Bb7 12. f5
Be7 13. Bf4 Ne5 14. Bxe5 dxe5 15. g4 h6 16. h3 Rd8 17. Rad1
O-O 18. Kh2 Rd7 19. h4 Nh7 20. Kh3 Rfd8 21. Rg1 Rd6 22. Rg3
R8d7 23. fxe6 fxe6 24. c5 bxc5 25. Bc4 Nf8 26. Rxd6 Rxd6
27. g5 Ng6 28. Kh2 Nf4 29. Qe3 hxg5 30. hxg5 Rd4 31. Bf1 Qd8
32. Qf3 Rd7 33. Bc4 Qb6 34. Qg4 Rd6 35. g6 Qb4 36. Bf1 c4
37. Nc1 Qxb2+ 38. N1e2 Rd3 39. Rf3 Rxf3 40. Qxf3 Qd2 41. Bg2
Bc5 42. Qg4 Bc8 43. Qg5 Bb4 44. Qxe5 Bd6 45. Qa5 Nxe2+ 46. e5
Qf4+ 47. Kh1 Qh4+ 0-1

[Event "SportAccord World Mind Games (Women, Basque)"]
[Site "Beijing CHN"]
[Date "2013.12.18"]
[EventDate "2013.12.17"]
[Round "5.1"]
[Result "1-0"]
[White "Koneru Humpy"]
[Black "Tatiana Kosintseva"]
[WhiteElo "2607"]
[BlackElo "2496"]
[PlyCount "93"]

1. Nf3 d5 2. d4 Nf6 3. c4 e6 4. e3 Be7 5. Bd3 b6 6. O-O Bb7
7. b3 O-O 8. Bb2 c5 9. Nbd2 Nbd7 10. Rc1 cxd4 11. exd4 Rc8
12. Qe2 Re8 13. Rfd1 Bf8 14. Ne5 dxc4 15. bxc4 Qc7 16. f4 g6
17. Rf1 Bg7 18. Ndf3 Bxf3 19. Qxf3 Qd6 20. h3 Nb8 21. Rfd1
Nfd7 22. Be4 Qc7 23. Rc2 f5 24. Bd3 Nxe5 25. fxe5 Nc6 26. Be2
Red8 27. Qe3 Na5 28. Rcc1 Qe7 29. Ba3 Qh4 30. Qf2 Qg5 31. Bd6
Bf8 32. c5 bxc5 33. dxc5 Nc6 34. Ba6 Bh6 35. Bxc8 Rxc8 36. Rc3
f4 37. Qe2 Qf5 38. Qa6 Re8 39. Qxc6 Qf7 40. Rb3 g5 41. Rb7 Qh5
42. Qf3 Qg6 43. c6 Bg7 44. c7 h5 45. Rb8 Kh7 46. Rxe8 Qxe8
47. Qb7 1-0

[Event "SportAccord World Mind Games (Women, Basque)"]
[Site "Beijing CHN"]
[Date "2013.12.18"]
[EventDate "2013.12.17"]
[Round "5.2"]
[Result "1/2-1/2"]
[White "Tatiana Kosintseva"]
[Black "Koneru Humpy"]
[WhiteElo "2496"]
[BlackElo "2607"]
[PlyCount "110"]

1. e4 e5 2. Nf3 Nc6 3. Bb5 a6 4. Ba4 Nf6 5. d3 d6 6. c3 b5
7. Bc2 g6 8. O-O Bg7 9. Nbd2 O-O 10. Re1 Re8 11. h3 h6 12. a4
Bb7 13. Nf1 d5 14. Qe2 d4 15. Bd2 Qd6 16. cxd4 Nxd4 17. Nxd4
Qxd4 18. Bc3 Qd6 19. b4 Nd7 20. Ne3 Nf8 21. Red1 Ne6 22. Bb3
Nd4 23. Bxd4 exd4 24. Nc2 Re7 25. axb5 axb5 26. Rxa8+ Bxa8
27. Ra1 Bxe4 28. Re1 Kf8 29. dxe4 d3 30. Qd2 dxc2 31. Qxd6
cxd6 32. Bxc2 Bc3 33. Rb1 Ra7 34. Bd3 Ra1 35. Rxa1 Bxa1
36. Bxb5 Bc3 37. Kf1 Bxb4 38. Ke2 Ke7 39. Kd3 Bc5 40. f3 g5
41. Bc4 h5 42. Bd5 h4 43. Ba2 f6 44. Ke2 Bd4 45. Kd3 Be5
46. Bc4 Kd8 47. Bd5 Kc7 48. Bc4 Kb6 49. Bd5 Kc5 50. Be6 Kb4
51. Bf5 Kc5 52. Bg4 Kb4 53. Bh5 Kc5 54. Bg4 Kb4 55. Ke2 Kc3
1/2-1/2

[Event "FIDE Women's Grand Prix Sharjah"]
[Site "Sharjah UAE"]
[Date "2014.08.25"]
[EventDate "2014.08.25"]
[Round "1.3"]
[Result "1/2-1/2"]
[White "Elina Danielian"]
[Black "Tatiana Kosintseva"]
[WhiteElo "2490"]
[BlackElo "2494"]
[PlyCount "102"]

1. d4 Nf6 2. Nf3 e6 3. c4 d5 4. Nc3 Be7 5. Bf4 O-O 6. e3 Nbd7
7. c5 Ne4 8. Nxe4 dxe4 9. Ne5 Nxe5 10. Bxe5 f6 11. Bg3 b6
12. Bc4 c6 13. Qb3 bxc5 14. Bxe6+ Kh8 15. Bxc8 Rxc8 16. O-O-O
Qd5 17. dxc5 Qxb3 18. axb3 Bxc5 19. Rd7 Kg8 20. Rhd1 Rf7
21. Kc2 Re8 22. Kc3 g5 23. h4 h6 24. Kc4 Bb6 25. R7d6 Bc7
26. Rxc6 Bxg3 27. fxg3 gxh4 28. gxh4 f5 29. Rg6+ Rg7 30. Rxg7+
Kxg7 31. Rd7+ Kf6 32. g3 Rg8 33. Rxa7 Rxg3 34. Kd4 f4 35. exf4
Rxb3 36. Kxe4 Rb4+ 37. Kf3 Rxb2 38. h5 Rh2 39. Ra6+ Kf5
40. Ra5+ Kf6 41. Ra6+ Kf5 42. Rxh6 Rh4 43. Ra6 Rxf4+ 44. Kg3
Rg4+ 45. Kh3 Rb4 46. h6 Kg5 47. Kg3 Rg4+ 48. Kf3 Rf4+ 49. Kg3
Rg4+ 50. Kf3 Rf4+ 51. Kg3 Rg4+ 1/2-1/2

[Event "FIDE Women's Grand Prix Sharjah"]
[Site "Sharjah UAE"]
[Date "2014.08.26"]
[EventDate "2014.08.25"]
[Round "2"]
[Result "1/2-1/2"]
[White "Tatiana Kosintseva"]
[Black "Tuvshintugs Batchimeg"]
[WhiteElo "2494"]
[BlackElo "2346"]
[PlyCount "89"]

1. e4 e5 2. Nf3 Nc6 3. Bb5 Nf6 4. d3 Bc5 5. Bxc6 dxc6 6. Nbd2
Be6 7. O-O Nd7 8. Nb3 Bd6 9. Na5 Rb8 10. Bg5 Be7 11. Be3 c5
12. Nc4 f6 13. Nfd2 c6 14. a4 O-O 15. f4 exf4 16. Bxf4 Ra8
17. b3 b5 18. Ne3 Nb6 19. a5 Nc8 20. Nf5 Bxf5 21. exf5 Qd4+
22. Kh1 Bd6 23. Ne4 Bxf4 24. Rxf4 Nd6 25. Qf1 Nxe4 26. Rxe4
Qc3 27. Rc1 Rae8 28. Qe2 Re5 29. Rxe5 Qxe5 30. Qxe5 fxe5
31. g4 Kf7 32. Kg2 Kf6 33. Re1 Rh8 34. a6 h5 35. h3 hxg4
36. hxg4 Rh4 37. Kg3 Rh8 38. Kg2 Rh4 39. Kg3 Rh8 40. Rb1 Kg5
41. Re1 Kf6 42. Kg2 Rh4 43. Re4 Rh8 44. Re1 Rh4 45. Kg3
1/2-1/2

[Event "FIDE Women's Grand Prix Sharjah"]
[Site "Sharjah UAE"]
[Date "2014.08.27"]
[EventDate "2014.08.25"]
[Round "3"]
[Result "0-1"]
[White "Alina L'Ami"]
[Black "Tatiana Kosintseva"]
[WhiteElo "2446"]
[BlackElo "2494"]
[PlyCount "70"]

1. d4 Nf6 2. c4 e6 3. Nc3 Bb4 4. e3 O-O 5. Bd3 c5 6. Nf3 d5
7. O-O Nc6 8. cxd5 exd5 9. dxc5 Bxc5 10. h3 Qe7 11. b3 Rd8
12. Bb2 Ne4 13. Ne2 Bd6 14. Rc1 a6 15. Bb1 Be6 16. Ned4 Bd7
17. Qe2 f5 18. Rfe1 Rf8 19. Bd3 Rae8 20. Nxc6 bxc6 21. Bxa6 f4
22. exf4 Bxf4 23. Rcd1 Qf7 24. Qf1 Qh5 25. Be2 Bxh3 26. gxh3
Re6 27. Ne5 Qg5+ 28. Qg2 Qxg2+ 29. Kxg2 Bxe5 30. Bxe5 Rxf2+
31. Kg1 Rxe5 32. a4 Rf8 33. Rc1 Rg5+ 34. Kh1 Ng3+ 35. Kh2 Rf2+
0-1

[Event "FIDE Women's Grand Prix Sharjah"]
[Site "Sharjah UAE"]
[Date "2014.08.28"]
[EventDate "2014.08.25"]
[Round "4"]
[Result "1/2-1/2"]
[White "Tatiana Kosintseva"]
[Black "Nafisa Muminova"]
[WhiteElo "2494"]
[BlackElo "2315"]
[PlyCount "173"]

1. e4 e6 2. d4 d5 3. Nc3 Nf6 4. e5 Nfd7 5. f4 c5 6. Nf3 Nc6
7. Be3 Qb6 8. Na4 Qa5+ 9. c3 b6 10. Bd2 c4 11. b4 Nxb4
12. cxb4 Bxb4 13. Qc2 Bxd2+ 14. Nxd2 b5 15. Nc3 O-O 16. Be2 b4
17. Nd1 Qb6 18. Nf3 f6 19. exf6 Nxf6 20. Nf2 a5 21. Qd2 a4
22. a3 b3 23. O-O Ba6 24. Qc3 Rfb8 25. Nd2 Ne8 26. Bg4 Bc8
27. Qe3 Nc7 28. Nf3 Qd6 29. Nd1 b2 30. Rb1 Rb3 31. Qe5 Qxe5
32. Nxe5 c3 33. Nxc3 Rxc3 34. Rxb2 Ne8 35. Rf3 Rc1+ 36. Rf1
Rc3 37. Rfb1 Kf8 38. Rb8 Rxb8 39. Rxb8 Ke7 40. Ra8 Nd6
41. Rxa4 Rc1+ 42. Kf2 Ne4+ 43. Ke3 Rc3+ 44. Nd3 Nd6 45. Ra7+
Bd7 46. a4 Ra3 47. Ke2 Nc8 48. Rb7 Nd6 49. Ra7 Nc8 50. Rc7 Kd8
51. Rb7 Nd6 52. Rb8+ Ke7 53. Nc5 Bxa4 54. Bxe6 Bb5+ 55. Kf2
Ra2+ 56. Kg3 Bc4 57. Rg8 Kf6 58. Rf8+ Ke7 59. Rg8 Kf6 60. Rd8
Nf5+ 61. Bxf5 Kxf5 62. Rf8+ Kg6 63. Nd7 h6 64. Ne5+ Kh7 65. f5
Bf1 66. Nf7 Rxg2+ 67. Kf3 g5 68. Ne5 Ra2 69. f6 Be2+ 70. Ke3
Bh5 71. f7 Re2+ 72. Kd3 Rf2 73. h3 Rf4 74. Kc3 Bg6 75. Kb3 h5
76. Kc3 Rf6 77. Rg8 Bxf7 78. Rxg5 Kh6 79. h4 Be6 80. Kb4 Bf5
81. Rg8 Kh7 82. Rg5 Kh6 83. Kc5 Be4 84. Rg8 Kh7 85. Rg5 Kh6
86. Rg8 Kh7 87. Rg5 1/2-1/2

[Event "FIDE Women's Grand Prix Sharjah"]
[Site "Sharjah UAE"]
[Date "2014.08.30"]
[EventDate "2014.08.25"]
[Round "5"]
[Result "1-0"]
[White "Yifan Hou"]
[Black "Tatiana Kosintseva"]
[WhiteElo "2661"]
[BlackElo "2494"]
[PlyCount "153"]

1. c4 Nf6 2. Nf3 e6 3. g3 d5 4. Bg2 dxc4 5. Qa4+ Nbd7 6. Qxc4
c5 7. Qb3 Rb8 8. d3 Bd6 9. Nc3 a6 10. Nd2 O-O 11. O-O b6
12. Nde4 Nxe4 13. Nxe4 Be7 14. Bf4 e5 15. Be3 Bb7 16. f4 Bxe4
17. Bxe4 Nf6 18. Bf3 exf4 19. gxf4 Qd7 20. Kh1 Ng4 21. Bg1
Rfd8 22. Rad1 Bf6 23. d4 cxd4 24. e4 Nh6 25. Rd3 Qe6 26. Qd1
Qxa2 27. Rf2 Rbc8 28. Rg2 Qc4 29. Rgd2 Qc1 30. Qe2 Be7 31. f5
f6 32. Rd1 Qc2 33. R3d2 Qc4 34. Qxc4+ Rxc4 35. Be2 Rb4
36. Bxa6 Bc5 37. b3 Kf8 38. Bc4 Ke7 39. Rg2 Kf8 40. Bf2 Nf7
41. Bg3 Ng5 42. Bd5 Bd6 43. Bxd6+ Rxd6 44. Ra2 Rd7 45. Ra8+
Ke7 46. Kg2 Nf7 47. Rg8 Ne5 48. Rxg7+ Kd6 49. Rg8 d3 50. Kf2
Ra7 51. Rd2 Kc5 52. Ke3 Rb5 53. Rc8+ Kb4 54. Rxd3 Nxd3
55. Kxd3 Ra1 56. Rc6 Rd1+ 57. Ke3 Rbxd5 58. exd5 b5 59. Rxf6
Rxd5 60. Ke4 Rd2 61. Rh6 Kxb3 62. f6 Re2+ 63. Kd5 Rf2 64. Ke6
Re2+ 65. Kd7 Rf2 66. Ke7 Re2+ 67. Kf8 Kc4 68. f7 b4 69. Rf6 b3
70. Kg8 b2 71. Rf1 Rg2+ 72. Kh8 b1=Q 73. Rxb1 Rf2 74. Kg8 Rg2+
75. Kf8 Kd5 76. Re1 Ra2 77. Ke7 1-0

[Event "FIDE Women's Grand Prix Sharjah"]
[Site "Sharjah UAE"]
[Date "2014.08.31"]
[EventDate "2014.08.25"]
[Round "6"]
[Result "1-0"]
[White "Tatiana Kosintseva"]
[Black "Dronavalli Harika"]
[WhiteElo "2494"]
[BlackElo "2521"]
[PlyCount "63"]

1. e4 e6 2. d4 d5 3. Nd2 Nf6 4. e5 Nfd7 5. Bd3 c5 6. c3 Nc6
7. Ne2 cxd4 8. cxd4 f6 9. exf6 Nxf6 10. O-O Bd6 11. Nf3 Qc7
12. Nc3 a6 13. Be3 O-O 14. Rc1 Bd7 15. Na4 b5 16. Nc5 Bxc5
17. Rxc5 Qd6 18. a3 h6 19. h3 Be8 20. Qc2 e5 21. dxe5 Nxe5
22. Nxe5 Qxe5 23. Qd2 Bf7 24. Bd4 Ne4 25. Bxe4 Qxe4 26. Qc3
Qh7 27. Rc7 Rfe8 28. f4 h5 29. f5 h4 30. Rf4 Re4 31. Rxe4 dxe4
32. Rc8+ 1-0

[Event "FIDE Women's Grand Prix Sharjah"]
[Site "Sharjah UAE"]
[Date "2014.09.01"]
[EventDate "2014.08.25"]
[Round "7"]
[Result "1-0"]
[White "Koneru Humpy"]
[Black "Tatiana Kosintseva"]
[WhiteElo "2598"]
[BlackElo "2494"]
[PlyCount "119"]

1. d4 Nf6 2. c4 e6 3. Nf3 d5 4. Nc3 Bb4 5. Qa4+ Nc6 6. Bg5 h6
7. Bxf6 Qxf6 8. e3 O-O 9. Be2 Bd7 10. Qb3 dxc4 11. Qxc4 Bd6
12. O-O Qg6 13. Rfd1 Na5 14. Qd3 Qxd3 15. Bxd3 Nc6 16. Ne4 Nb4
17. Be2 Bc6 18. Nfd2 Rfd8 19. a3 Nd5 20. Rdc1 e5 21. Nxd6 cxd6
22. Nf3 e4 23. Nd2 Nb6 24. Nc4 Nxc4 25. Bxc4 a5 26. b4 axb4
27. axb4 b6 28. h4 Rxa1 29. Rxa1 d5 30. Bb3 Rd6 31. Ba4 Kf8
32. Bxc6 Rxc6 33. b5 Rf6 34. Ra8+ Ke7 35. Rg8 g6 36. Kf1 h5
37. Ke2 Kd7 38. Ra8 Ke7 39. Ra7+ Ke8 40. Rb7 Re6 41. f3 exf3+
42. gxf3 Rd6 43. Kf1 Rf6 44. Kg2 Re6 45. Kf2 Rf6 46. Kg3 Re6
47. Kf4 Rf6+ 48. Ke5 Rxf3 49. Kd6 f5 50. Rxb6 Rxe3 51. Rb8+
Kf7 52. b6 Rb3 53. b7 Kg7 54. Kc6 Rc3+ 55. Kxd5 Rb3 56. Ke5 g5
57. d5 Rb5 58. Ke6 gxh4 59. d6 Rb6 60. Rc8 1-0

[Event "FIDE Women's Grand Prix Sharjah"]
[Site "Sharjah UAE"]
[Date "2014.09.02"]
[EventDate "2014.08.25"]
[Round "8.1"]
[Result "1/2-1/2"]
[White "Zhao Xue"]
[Black "Tatiana Kosintseva"]
[WhiteElo "2508"]
[BlackElo "2494"]
[PlyCount "100"]

1. d4 Nf6 2. c4 g6 3. Nc3 Bg7 4. e4 d6 5. Nf3 O-O 6. Be2 e5
7. O-O Nc6 8. d5 Ne7 9. Nd2 a5 10. a3 Nd7 11. Rb1 f5 12. b4
Kh8 13. f3 Ng8 14. Qc2 Ngf6 15. Bd3 f4 16. Be2 Rf7 17. c5 dxc5
18. bxc5 Nxc5 19. Nb5 b6 20. Nc4 Ne8 21. Bb2 Re7 22. a4 Nd6
23. Ba3 Ndb7 24. Rfd1 Rd7 25. d6 cxd6 26. Nbxd6 Nxd6 27. Nxb6
Ne6 28. Nxd7 Nd4 29. Rxd4 exd4 30. Nb6 Rb8 31. Bxd6 Qxd6
32. Nxc8 Rxb1+ 33. Qxb1 Qc5 34. Qb5 Qxc8 35. Qxa5 d3 36. Bd1
h5 37. Qd2 Qc5+ 38. Kf1 Qe3 39. Qxe3 fxe3 40. a5 Bd4 41. f4 h4
42. a6 Kg7 43. g3 hxg3 44. hxg3 Kf6 45. Bf3 Bc5 46. Ke1 Bb4+
47. Kd1 Bc5 48. Ke1 Bb4+ 49. Kd1 Bc5 50. Ke1 Bb4+ 1/2-1/2

[Event "FIDE Women's Grand Prix Sharjah"]
[Site "Sharjah UAE"]
[Date "2014.09.05"]
[EventDate "2014.08.25"]
[Round "10"]
[Result "1-0"]
[White "Zhu Chen"]
[Black "Tatiana Kosintseva"]
[WhiteElo "2461"]
[BlackElo "2494"]
[PlyCount "69"]

1. d4 Nf6 2. c4 e6 3. Nf3 Bb4+ 4. Bd2 a5 5. a3 Bxd2+ 6. Qxd2
d6 7. Nc3 Nbd7 8. g4 d5 9. cxd5 Nxd5 10. Rc1 O-O 11. Bg2 b6
12. O-O Bb7 13. Rfd1 c5 14. Ne4 Qe7 15. dxc5 bxc5 16. Nc3 N7b6
17. Nxd5 exd5 18. e3 f5 19. g5 f4 20. exf4 d4 21. Re1 Qd6
22. Nh4 Bxg2 23. Nxg2 a4 24. Re4 Rab8 25. Qd3 Rfd8 26. f5 c4
27. Qf3 c3 28. bxc3 Qxa3 29. Rce1 d3 30. f6 gxf6 31. gxf6 Qf8
32. f7+ Qxf7 33. Rg4+ Qg6 34. Rxg6+ hxg6 35. Re7 1-0

[Event "FIDE Women's Grand Prix Sharjah"]
[Site "Sharjah UAE"]
[Date "2014.09.06"]
[EventDate "2014.08.25"]
[Round "11"]
[Result "1/2-1/2"]
[White "Tatiana Kosintseva"]
[Black "Ju Wenjun"]
[WhiteElo "2494"]
[BlackElo "2559"]
[PlyCount "107"]

1. e4 c5 2. Nf3 Nc6 3. d4 cxd4 4. Nxd4 e5 5. Nb5 d6 6. N1c3 a6
7. Na3 b5 8. Nd5 Nge7 9. c4 Nxd5 10. exd5 Nd4 11. cxb5 Be7
12. Bd3 O-O 13. O-O f5 14. bxa6 f4 15. Nc2 f3 16. Nxd4 exd4
17. gxf3 Bg5 18. Kh1 Bf4 19. Bxf4 Rxf4 20. Rg1 Bxa6 21. Bxa6
Rxa6 22. Qe2 Ra8 23. a4 Qf6 24. Ra3 Kf8 25. Qe6 Rxf3 26. Qxf6+
Rxf6 27. Kg2 Rf5 28. b4 Rxd5 29. Rd1 Ke7 30. a5 Rb8 31. a6 Ra8
32. Kf3 Kd7 33. Ke4 Rb5 34. Rxd4 Ra7 35. Ra4 Rb6 36. Kd5 Rbxa6
37. Rxa6 Rxa6 38. Rf4 Rb6 39. Rf7+ Ke8 40. Rf4 Kd7 41. Kc4 Kc6
42. Rf7 d5+ 43. Kb3 Rb8 44. f4 Rg8 45. f5 Kd6 46. h4 d4
47. Kc4 Ke5 48. Re7+ Kxf5 49. Kxd4 Kg4 50. Re4+ Kf3 51. Re3+
Kg4 52. Re4+ Kf3 53. Re3+ Kg4 54. Re4+ 1/2-1/2